Nghiên cứu chiết tách axit hữu cơ và xác định một số thành phần hóa học trong dịch chiết hạt gấc trên địa bàn huyện Núi Thành - tỉnh Quảng Nam
Điều tra sơ bộ, thu gom và xử lí nguyên liệu; Dùng phương pháp chiết soxhlet để chiết tách chất; Xác định một số chỉ số hóa lý của nguyên liệu: độ ẩm, hàm lượng tro. Khảo sát dung môi và thời gian chiết tối ưu.
محفوظ في:
| المؤلف الرئيسي: | |
|---|---|
| مؤلفون آخرون: | |
| التنسيق: | كتاب |
| اللغة: | Vietnamese |
| منشور في: |
Đà Nẵng
Đại học Sư phạm, Đại học Đà Nẵng
2013
|
| الموضوعات: | |
| الوسوم: |
إضافة وسم
لا توجد وسوم, كن أول من يضع وسما على هذه التسجيلة!
|
| Thư viện lưu trữ: | Mạng thư viện Đại học Đà Nẵng |
|---|
| LEADER | 01843nam a2200361 4500 | ||
|---|---|---|---|
| 001 | 000018783 | ||
| 003 | 15218 | ||
| 005 | 20140110150136.0 | ||
| 008 | 140108s2013 viesd | ||
| 041 | |a vie | ||
| 082 | 1 | 4 | |a 615.321 |b ĐÔ-M |
| 100 | 1 | |a Đỗ Thị Mến | |
| 245 | 1 | 0 | |a Nghiên cứu chiết tách axit hữu cơ và xác định một số thành phần hóa học trong dịch chiết hạt gấc trên địa bàn huyện Núi Thành - tỉnh Quảng Nam |c Đỗ Thị Mến ; Võ Kim Thành hướng dẫn |k Khóa luận tốt nghiệp |
| 260 | |a Đà Nẵng |b Đại học Sư phạm, Đại học Đà Nẵng |c 2013 | ||
| 300 | |a 50 tr. |b Hình mh. |c 29 cm. |e Bản tóm tắt | ||
| 500 | |a Khóa luận tốt nghiệp đại học. Chuyên ngành: Cử nhân Hóa Dược | ||
| 520 | |a Điều tra sơ bộ, thu gom và xử lí nguyên liệu; Dùng phương pháp chiết soxhlet để chiết tách chất; Xác định một số chỉ số hóa lý của nguyên liệu: độ ẩm, hàm lượng tro. Khảo sát dung môi và thời gian chiết tối ưu. | ||
| 650 | 0 | 4 | |a Hạt gấc |v Khóa luận tốt nghiệp |x Chiết tách |x Thành phần hóa học |z Quảng Nam |
| 653 | |a Hạt gấc | ||
| 653 | |a Khoa Hóa | ||
| 653 | |a Dịch chiết | ||
| 653 | |a Thành phần hóa học | ||
| 700 | 1 | |a Võ Kim Thành |e Hướng dẫn | |
| OWN | |a LSP | ||
| AVA | |a UDN50 |b LSP |d 615.321 ĐÔ-M |e available |t Error 5001 Not defined in file expand_doc_bib_avail. |f 1 |g 0 |h N |i 0 |k 1 | ||
| 999 | |a From the UDN01 | ||
| AVA | |a UDN50 |b LSP |d 615.321 ĐÔ-M |e available |t Error 5001 Not defined in file expand_doc_bib_avail. |f 1 |g 0 |h N |i 0 |k 1 | ||
| TYP | |a Monograph | ||
| TYP | |a Printed language | ||
| 980 | |a Mạng thư viện Đại học Đà Nẵng | ||